Catálogo
 En Linea

Narradoras ecuatorianas de hoy : (Registro nro. 9610)

Detalles MARC
000 -CABECERA
campo de control de longitud fija 01756cam a2200289 a 4500
001 - NÚMERO DE CONTROL
campo de control 000009851
005 - FECHA Y HORA DE LA ÚLTIMA TRANSACCIÓN
campo de control 20200929161730.0
008 - DATOS DE LONGITUD FIJA--INFORMACIÓN GENERAL
campo de control de longitud fija 991005s2000 pr b s001 0dspa
020 ## - NÚMERO INTERNACIONAL ESTÁNDAR DEL LIBRO
Número Internacional Estándar del Libro 1887627049
040 ## - FUENTE DE LA CATALOGACIÓN
Centro catalogador/agencia de origen DO-SdBNP
Lengua de catalogación spa
Centro/agencia transcriptor DLC
Centro/agencia modificador BNPHU
082 ## - NÚMERO DE LA CLASIFICACIÓN DECIMAL DEWEY
Número de clasificación 080
Número de documento/Ítem N234e
049 ## - FONDOS LOCALES (OCLC)
Fondos de biblioteca BNGR
245 00 - MENCIÓN DE TÍTULO
Título Narradoras ecuatorianas de hoy :
Resto del título una antología crítica /
Mención de responsabilidad, etc. Adelaida López de Martínez, Gloria de Cunha Giabbai, compiladores.
260 ## - PUBLICACIÓN, DISTRIBUCIÓN, ETC.
Lugar de publicación, distribución, etc. San Juan, Puerto Rico :
Nombre del editor, distribuidor, etc. Universidad de Puerto Rico,
Fecha de publicación, distribución, etc. 2000.
300 ## - DESCRIPCIÓN FÍSICA
Extensión 505 p. ;
Dimensiones 21 cm.
490 1# - MENCIÓN DE SERIE
Mención de serie Mujeres de palabra
Designación de volumen o secuencia 3
504 ## - NOTA DE BIBLIOGRAFÍA, ETC.
Nota de bibliografía, etc. Incluye referencias bibliográficas.
505 0# - NOTA DE CONTENIDO CON FORMATO
Nota de contenido con formato Alicia Yánez Cossío / Lady Rojas-Trempe -- Eugenia Viteri / Kenton Stone -- Carolina Andrade / Mirta Barrea-Marlys -- Aminta Buenaño / Anabella Acevedo-Leal -- Jennie Carrasco Molina / Vicki Román-Lagunas -- Gilda Holst / Corina Mathieu -- Luz Argentina Chiriboga / Henry J. Richards y Aída L. Heredia -- Sonia Manzano / Ana María Martinho -- María Eugenia Paz y Miño / Luz Marina Rivas -- Natasha Salguero / Jeanneth Vázquez -- Elsy Santillán Flor / Mariela Gutiérrez -- Marcela Vintimilla / Daniel Castillo Durante -- María del Carmen Garcés / Daniel Castillo Durante -- Liliana Miraglia / Daniel Castillo Durante.
650 #4 - PUNTO DE ACCESO ADICIONAL DE MATERIA--TÉRMINO DE MATERIA
Término de materia o nombre geográfico como elemento de entrada Narradoras ecuatorianas contemporaneas
Subdivisión cronológica SIGLO XX
Subdivisión de forma ENTREVISTAS
9 (RLIN) 24774
650 #4 - PUNTO DE ACCESO ADICIONAL DE MATERIA--TÉRMINO DE MATERIA
Término de materia o nombre geográfico como elemento de entrada Ficción ecuatoriana
Subdivisión general Mujeres autoras
-- Historia y crítica
9 (RLIN) 24775
650 #4 - PUNTO DE ACCESO ADICIONAL DE MATERIA--TÉRMINO DE MATERIA
Término de materia o nombre geográfico como elemento de entrada Ficción ecuatoriana
Subdivisión cronológica SIGLO XX
Subdivisión general Historia y crítica
9 (RLIN) 24776
650 #4 - PUNTO DE ACCESO ADICIONAL DE MATERIA--TÉRMINO DE MATERIA
Término de materia o nombre geográfico como elemento de entrada Mujeres y literatura
Subdivisión geográfica Ecuador
9 (RLIN) 24777
700 1# - PUNTO DE ACCESO ADICIONAL--NOMBRE DE PERSONA
Nombre de persona López de Martínez, Adelaida.
9 (RLIN) 24778
700 1# - PUNTO DE ACCESO ADICIONAL--NOMBRE DE PERSONA
Nombre de persona Cunha-Giabbai, Gloria da.
9 (RLIN) 24779
830 #0 - PUNTO DE ACCESO ADICIONAL DE SERIE-TÍTULO UNIFORME
Título uniforme Mujeres de palabra ;
Designación de volumen o secuencia 3
9 (RLIN) 24780
910 ## - DATOS DE OPCIÓN DEL USUARIO (OCLC)
Datos de opción del usuario Catalogación por copia / LC
Existencias
Estado de retiro Estado de pérdida Restricciones de uso No para préstamo Código de colección Localización permanente Ubicación/localización actual Ubicación en estantería Fecha de adquisición Número de inventario Total de préstamos Signatura topográfica completa Código de barras Fecha visto por última vez Precio válido a partir de Tipo de ítem Koha
    Préstamo interno   Monografías: Libros y Folletos General General En catalogación 01.10.2009 LF1   080 N234e 9851-10 25.06.2020 25.06.2020 Préstamo interno

Con tecnología Koha